Normal view
MARC view
Entry Topical Term
001 - CONTROL NUMBER
- control field: 17153
003 - CONTROL NUMBER IDENTIFIER
- control field: OSt
005 - DATE AND TIME OF LATEST TRANSACTION
- control field: 20260604095258.0
008 - FIXED-LENGTH DATA ELEMENTS
- fixed length control field: 260604|| aca||aabn | a|a d
040 ## - CATALOGING SOURCE
- Original cataloging agency: OSt
- Transcribing agency: OSt
150 ## - HEADING--TOPICAL TERM
- Topical term or geographic name entry element: Grade 6 (Education)
- Geographic subdivision: Philippines
670 ## - SOURCE DATA FOUND
- Source citation: Work cat.: (OSt)6257: Elloremo, Eric I., 7977 author., Competency level of Grade Six teachers based on the National Competency-Based Teacher Standards (NCBTS) in relation to pupils' performance /, 2015.
